| 000 | 01938cam a22003618a 4500 | ||
|---|---|---|---|
| 001 | 16497377 | ||
| 005 | 20101013114300.0 | ||
| 008 | 101006s2011 nyu 000 0 eng | ||
| 010 | _a 2010041998 | ||
| 020 | _a0071086560 | ||
| 020 | _a9780071086561 | ||
| 035 | _a(DNAL)1073894 | ||
| 040 |
_aDNAL/DLC _cDLC |
||
| 042 | _apcc | ||
| 050 | 0 | 0 |
_aS561 _b.K36 2011 |
| 070 | 0 |
_aS561 _b.K362 2011 |
|
| 082 | 0 | 0 |
_a630.68 _222 _bKAY |
| 100 | 1 |
_aKay, Ronald D. _927570 |
|
| 245 | 1 | 0 |
_aFarm Management / _cRonald D. Kay, William M. Edwards, Patricia A. Duffy. |
| 250 | _a7th ed. | ||
| 260 |
_aNew York, NY : _bMcGraw-Hill, 2011 _c2011. |
||
| 263 | _a1101 | ||
| 300 |
_axiv, 466 p. : _bill.; _c20 cm. |
||
| 500 | _aIncludes index. | ||
| 505 | 0 | _aFarm management in the twenty-first century -- Management and decision making -- Acquiring and organizing management information -- Depreciation and asset valuation -- The balance sheet and its analysis -- The income statement and its analysis -- Economic principles-choosing production levels -- Economic principles-choosing input and output combinations -- Cost concepts in economics -- Enterprise budgeting -- Partial budgeting -- Whole-farm planning -- Cash flow budgeting -- Farm business organization and transfer -- Managing risk and uncertainty -- Managing income taxes -- Investment analysis -- Farm business analysis -- Capital and the use of credit -- Land-control and use -- Human resource management -- Machinery management. | |
| 650 | 0 |
_aFarm management. _927571 |
|
| 700 | 1 |
_aEdwards, William M. _927572 |
|
| 700 | 1 |
_aDuffy, Patricia Ann, _d1955- _927573 |
|
| 942 |
_2ddc _cBB |
||
| 999 |
_c16152 _d16152 |
||